| 000 | 00924nam a22002415a 4500 | ||
|---|---|---|---|
| 005 | 20090622153552.0 | ||
| 008 | 090226s2007 ii a b 001 0 eng | ||
| 010 | _aENG-94179 | ||
| 020 |
_a9780415484497 _c350.00 |
||
| 035 | _aEN-77712 | ||
| 037 | _bDBAD / PUB | ||
| 040 |
_adpl _bEnglish |
||
| 082 | _a320.1209515 | ||
| 100 | _aAnand, Dibyesh | ||
| 245 |
_aTibet: _ba victim of geopolitics / _cby Dibyesh Anand |
||
| 260 |
_aNew Delhi _bRoutledge _c2007 |
||
| 270 |
_a912-915 Tolstoy House 15-17 Tolstoy Marg, _bNew Delhi _e110001 |
||
| 300 |
_axix, 190p. _c23cm(pbk) |
||
| 500 | _aIncludes bibliographical references and index | ||
| 650 |
_aGeopolitics _zTibet (China) |
||
| 942 |
_2ddc _cEN _mANA _h320.1209515 |
||
| 999 |
_c27769 _d27769 |
||